[Event "XtraCon-Skakligaen"]
[Site "Denmark"]
[Date "2010.01.10"]
[Round "5.8"]
[White "Andersen, Frank"]
[Black "Christensen, Bo Garner"]
[Result "0-1"]
[WhiteElo "2162"]
[BlackElo "2280"]
[PlyCount "74"]
[EventDate "2009.11.07"]
[EventType "team-tourn"]
[EventRounds "9"]
[WhiteTeam "SK1968"]
[BlackTeam "K41"]
[WhiteTeamCountry "DEN"]
[BlackTeamCountry "DEN"]

1. d4 f5 2. Nf3 Nf6 3. g3 g6 4. Bg2 Bg7 5. O-O O-O 6. b3 d6 7. Bb2 c6 8. Nbd2
Na6 9. Re1 Ne4 10. Nxe4 fxe4 11. Nd2 d5 12. f3 Qb6 13. Kh1 e3 14. Nf1 e5 15.
dxe5 Be6 16. f4 Rad8 17. Bd4 c5 18. Bxe3 d4 19. Bd2 Nc7 20. e3 h5 21. h3 h4 22.
Qf3 Nd5 23. exd4 cxd4 24. gxh4 Bh6 25. Qg3 Kh7 26. Re4 Ne7 27. c4 dxc3 28. Bxc3
Nf5 29. Qe1 Rd3 30. Rb4 Qc5 31. Rxb7+ Kg8 32. Bb4 Qd4 33. Bxf8 Bxf8 34. Rb8 Bd5
35. Bxd5+ Qxd5+ 36. Kh2 Qf3 37. Qb4 Qf2+ 0-1

[Event "XtraCon-Skakligaen"]
[Site "Denmark"]
[Date "2010.01.10"]
[Round "5.2"]
[White "Jorgensen, Brian Jorgen"]
[Black "Sorensen, Jan"]
[Result "1/2-1/2"]
[WhiteElo "2267"]
[BlackElo "2423"]
[PlyCount "89"]
[EventDate "2009.11.07"]
[EventType "team-tourn"]
[EventRounds "9"]
[WhiteTeam "Naestved"]
[BlackTeam "Aarhus/skolerne"]
[WhiteTeamCountry "DEN"]
[BlackTeamCountry "DEN"]

1. d4 e6 2. Nf3 f5 3. c4 Nf6 4. e3 d5 5. Nc3 c6 6. Bd3 Bd6 7. Qc2 Ne4 8. O-O
Nd7 9. Ne1 O-O 10. f4 g5 11. Nf3 gxf4 12. exf4 Ndf6 13. Ne5 Bd7 14. Nxe4 dxe4
15. Be2 Be8 16. Qd1 c5 17. Be3 Qc7 18. Kh1 Rd8 19. Qe1 Kh8 20. Rd1 b6 21. Qh4
Be7 22. Qh6 Ng8 23. Qh3 Rf6 24. g4 fxg4 25. Nxg4 Rf5 26. dxc5 Rxd1 27. Bxd1
bxc5 28. Bc2 Qb7 29. b3 Bh5 30. Qg2 Rf7 31. Bxe4 Qa6 32. Qb2+ Rg7 33. Rg1 Bxg4
34. Rxg4 Bf6 35. Qg2 Qd6 36. Rxg7 Bxg7 37. Qd2 Bd4 38. Bf2 Nf6 39. Bf3 e5 40.
fxe5 Qxe5 41. Bg3 Qf5 42. Qe2 h5 43. Bh4 Qb1+ 44. Kg2 Qg6+ 45. Kh3 1/2-1/2

[Event "XtraCon-Skakligaen"]
[Site "Denmark"]
[Date "2010.01.10"]
[Round "5.4"]
[White "Hansen, Evgenia Peicheva"]
[Black "Jacobsen, Bo"]
[Result "0-1"]
[WhiteElo "2164"]
[BlackElo "2306"]
[PlyCount "68"]
[EventDate "2009.11.07"]
[EventType "team-tourn"]
[EventRounds "9"]
[WhiteTeam "Naestved"]
[BlackTeam "Aarhus/skolerne"]
[WhiteTeamCountry "DEN"]
[BlackTeamCountry "DEN"]

1. d4 d6 2. e4 g6 3. Nc3 c6 4. a4 Nd7 5. g3 e5 6. Nge2 h5 7. h3 h4 8. g4 f5 9.
gxf5 gxf5 10. f4 Ngf6 11. exf5 e4 12. d5 c5 13. Rg1 Qe7 14. Rg5 Nh5 15. Be3
Ndf6 16. a5 Ng7 17. b4 Nxf5 18. Rxf5 Bxf5 19. bxc5 dxc5 20. Nb5 Qd7 21. Nec3
Bxh3 22. Bc4 Bg4 23. Qd2 h3 24. Bg1 O-O-O 25. Nxa7+ Kb8 26. Nab5 Bf3 27. Bh2
Ng4 28. a6 e3 29. f5+ Bd6 30. Bxd6+ Qxd6 31. a7+ Ka8 32. Nxd6 exd2+ 33. Kxd2
Rxd6 34. Nb5 Rd7 0-1

[Event "XtraCon-Skakligaen"]
[Site "Denmark"]
[Date "2010.01.10"]
[Round "5.5"]
[White "Christensen, Tobias"]
[Black "Schyberg, Brian"]
[Result "1-0"]
[WhiteElo "2352"]
[BlackElo "2126"]
[PlyCount "123"]
[EventDate "2009.11.07"]
[EventType "team-tourn"]
[EventRounds "9"]
[WhiteTeam "Aarhus/skolerne"]
[BlackTeam "Naestved"]
[WhiteTeamCountry "DEN"]
[BlackTeamCountry "DEN"]

1. d4 Nf6 2. Nf3 c5 3. dxc5 Qa5+ 4. Nc3 Ne4 5. Qd4 Nxc3 6. Bd2 Na6 7. Bxc3 Qxc5
8. e4 Qxd4 9. Nxd4 b6 10. O-O-O Bb7 11. f3 Nc7 12. Nf5 f6 13. Bc4 O-O-O 14. Rd3
d5 15. exd5 Nxd5 16. Rhd1 e6 17. g3 exf5 18. Bxd5 Bxd5 19. Rxd5 Rxd5 20. Rxd5
f4 21. gxf4 Kc7 22. Rh5 Bd6 23. f5 Rd8 24. b3 h6 25. a4 Re8 26. Rh4 Re2 27.
Rc4+ Kd7 28. Rg4 Bf8 29. Rd4+ Kc8 30. Rd2 Re1+ 31. Kb2 Rf1 32. Rd3 Rf2 33. h4
Rh2 34. Rd4 Rf2 35. Rc4+ Kd7 36. Rf4 Bd6 37. Rg4 Bf8 38. Bb4 Bxb4 39. Rxb4 Rxf3
40. Rg4 Rxf5 41. Rxg7+ Kc6 42. Rxa7 Rf4 43. Rf7 h5 44. Rh7 Rxh4 45. Rh6 Rf4 46.
Rxh5 Rd4 47. Rf5 Rd6 48. c4 Kd7 49. c5 bxc5 50. Rxc5 Ke6 51. b4 f5 52. b5 f4
53. Kb3 Rd1 54. Rc2 Rb1+ 55. Kc4 Rd1 56. Kb4 Ke5 57. b6 Rb1+ 58. Kc5 Ke4 59. a5
f3 60. a6 Ke3 61. a7 Rd1 62. b7 1-0

[Event "XtraCon-Skakligaen"]
[Site "Denmark"]
[Date "2010.01.10"]
[Round "5.6"]
[White "Hansen, Martin"]
[Black "Boe, Mads"]
[Result "0-1"]
[WhiteElo "2082"]
[BlackElo "2326"]
[PlyCount "80"]
[EventDate "2009.11.07"]
[EventType "team-tourn"]
[EventRounds "9"]
[WhiteTeam "Naestved"]
[BlackTeam "Aarhus/skolerne"]
[WhiteTeamCountry "DEN"]
[BlackTeamCountry "DEN"]

1. e4 e5 2. Nf3 d6 3. d4 Nf6 4. Nc3 Nbd7 5. Bc4 Be7 6. O-O O-O 7. Re1 c6 8. a4
Qc7 9. Qe2 b6 10. d5 Bb7 11. dxc6 Bxc6 12. Bb5 Bb7 13. Ba6 Rfc8 14. Bg5 h6 15.
Bxf6 Nxf6 16. Nd2 Rd8 17. Bxb7 Qxb7 18. Nf3 Rac8 19. Rad1 Rc5 20. Rd3 Rdc8 21.
h3 Qd7 22. Nh2 h5 23. Nf1 g6 24. Ne3 Qb7 25. Ned5 Nxd5 26. Rxd5 Rc4 27. Red1
Bf8 28. Kh2 a6 29. R5d2 Rb4 30. Rd3 Rxb2 31. Rg3 b5 32. Nd5 Bg7 33. Ne3 Qxe4
34. Rxd6 Rcxc2 35. Qd1 Rxf2 36. Rd8+ Kh7 37. Qd7 Rbe2 38. Qa7 Qf4 39. h4 Qxh4+
40. Rh3 Qxd8 0-1

[Event "XtraCon-Skakligaen"]
[Site "Denmark"]
[Date "2010.01.10"]
[Round "5.7"]
[White "Pedersen, Finn"]
[Black "Pedersen, Dimon Paul"]
[Result "1/2-1/2"]
[WhiteElo "2334"]
[BlackElo "2085"]
[PlyCount "136"]
[EventDate "2009.11.07"]
[EventType "team-tourn"]
[EventRounds "9"]
[WhiteTeam "Aarhus/skolerne"]
[BlackTeam "Naestved"]
[WhiteTeamCountry "DEN"]
[BlackTeamCountry "DEN"]

1. d4 Nf6 2. Nf3 g6 3. c4 Bg7 4. Nc3 d5 5. Bf4 c5 6. dxc5 Qa5 7. Rc1 dxc4 8.
Qa4+ Qxa4 9. Nxa4 Nc6 10. e3 Nd5 11. Bxc4 Nxf4 12. exf4 O-O 13. O-O Bg4 14. Ng5
Rad8 15. h3 Bf5 16. Nf3 Be4 17. Ng5 Bf5 18. Rfe1 Rd4 19. g4 Bc8 20. Re4 h6 21.
Rxd4 Nxd4 22. Ne4 h5 23. gxh5 gxh5 24. Kg2 Bd7 25. Nac3 e6 26. Rd1 Bc6 27. f3
Nf5 28. Rd3 Bd4 29. Kh2 a6 30. b4 Kh8 31. Ne2 Bg7 32. N2g3 Nd4 33. Nxh5 Nxf3+
34. Rxf3 Bxe4 35. Re3 Bg6 36. Nxg7 Kxg7 37. c6 bxc6 38. Bxa6 Ra8 39. Bc4 Rd8
40. Kg3 Rd4 41. Rc3 Be4 42. Kf2 Rd7 43. Ke3 Bg2 44. Bd3 f5 45. Be2 Kf6 46. Bf3
Bxf3 47. Kxf3 Rd2 48. a3 Ke7 49. Ke3 Rh2 50. Kd4 Kd6 51. Rd3 Rh1 52. Kc4+ Kc7
53. a4 Rf1 54. Rd4 Rc1+ 55. Kb3 Rh1 56. Rd3 Rf1 57. Re3 Kd6 58. Rd3+ Kc7 59.
Rd4 Rf3+ 60. Kc4 Rxh3 61. b5 Rh1 62. Kc5 cxb5 63. axb5 Rc1+ 64. Rc4 Rb1 65. Rc2
Rd1 66. Rc4 Rb1 67. Rb4 Rc1+ 68. Rc4 Rb1 1/2-1/2

[Event "XtraCon-Skakligaen"]
[Site "Denmark"]
[Date "2010.01.10"]
[Round "5.8"]
[White "Norgaard, Kim"]
[Black "Andersen, Jackie"]
[Result "0-1"]
[WhiteElo "2084"]
[BlackElo "2274"]
[PlyCount "42"]
[EventDate "2009.11.07"]
[EventType "team-tourn"]
[EventRounds "9"]
[WhiteTeam "Naestved"]
[BlackTeam "Aarhus/skolerne"]
[WhiteTeamCountry "DEN"]
[BlackTeamCountry "DEN"]

1. b4 d5 2. Bb2 Qd6 3. b5 a6 4. a4 axb5 5. axb5 Rxa1 6. Bxa1 e5 7. e3 Nf6 8.
Nf3 Nbd7 9. c4 e4 10. Nd4 dxc4 11. Bxc4 Ne5 12. Be2 Bg4 13. f3 exf3 14. gxf3
Bc8 15. Nc3 Be7 16. Kf2 Nh5 17. Ne4 Bh4+ 18. Ng3 Nxg3 19. hxg3 Nd3+ 20. Bxd3
Qxg3+ 21. Kf1 Qf2# 0-1

[Event "XtraCon-Skakligaen"]
[Site "Denmark"]
[Date "2010.01.10"]
[Round "5.1"]
[White "Rasmussen, Allan Stig"]
[Black "Schandorff, Lars"]
[Result "0-1"]
[WhiteElo "2534"]
[BlackElo "2501"]
[PlyCount "56"]
[EventDate "2009.11.07"]
[EventType "team-tourn"]
[EventRounds "9"]
[WhiteTeam "Jetsmark"]
[BlackTeam "Sydostfyn"]
[WhiteTeamCountry "DEN"]
[BlackTeamCountry "DEN"]

1. d4 Nf6 2. c4 g6 3. Nc3 d5 4. Nf3 Bg7 5. Qa4+ Bd7 6. Qb3 dxc4 7. Qxc4 O-O 8.
e4 b5 9. Nxb5 Nxe4 10. Qxc7 Nc6 11. Bd3 Nb4 12. Bxe4 Bxb5 13. Qc3 a5 14. a3 Qd7
15. Be3 Rac8 16. Qd2 f5 17. Bb1 Nd5 18. a4 Bc4 19. Ne5 Bxe5 20. dxe5 Rfd8 21.
Bd4 Nb4 22. Bc3 Qe6 23. Qc1 Bd3 24. Qe3 Nd5 25. Ba2 Bc4 26. Bxc4 Rxc4 27. Qg3
Re4+ 28. Kf1 Qa6+ 0-1

[Event "XtraCon-Skakligaen"]
[Site "Denmark"]
[Date "2010.01.10"]
[Round "5.2"]
[White "Pedersen, Steffen"]
[Black "Glud, Jakob Vang"]
[Result "1/2-1/2"]
[WhiteElo "2428"]
[BlackElo "2481"]
[PlyCount "27"]
[EventDate "2009.11.07"]
[EventType "team-tourn"]
[EventRounds "9"]
[WhiteTeam "Sydostfyn"]
[BlackTeam "Jetsmark"]
[WhiteTeamCountry "DEN"]
[BlackTeamCountry "DEN"]

1. d4 d5 2. c4 c6 3. Nc3 Nf6 4. e3 a6 5. Nf3 Bf5 6. Bd3 Bxd3 7. Qxd3 e6 8. O-O
b5 9. b3 Nbd7 10. Bb2 Be7 11. Rfd1 O-O 12. Rac1 Qb8 13. Rc2 Rc8 14. Rdc1
1/2-1/2

[Event "XtraCon-Skakligaen"]
[Site "Denmark"]
[Date "2010.01.10"]
[Round "5.3"]
[White "Pedersen, Christian Kyndel"]
[Black "Sorensen, Torben N"]
[Result "1/2-1/2"]
[WhiteElo "2452"]
[BlackElo "2423"]
[PlyCount "29"]
[EventDate "2009.11.07"]
[EventType "team-tourn"]
[EventRounds "9"]
[WhiteTeam "Jetsmark"]
[BlackTeam "Sydostfyn"]
[WhiteTeamCountry "DEN"]
[BlackTeamCountry "DEN"]

1. e4 c5 2. Nf3 Nc6 3. d4 cxd4 4. Nxd4 g6 5. c4 Bg7 6. Be3 Nf6 7. Nc3 Ng4 8.
Qxg4 Nxd4 9. Qd1 e5 10. Nb5 O-O 11. Be2 Qh4 12. Bf3 d5 13. exd5 Nxf3+ 14. gxf3
Qxc4 15. Qb3 1/2-1/2

[Event "XtraCon-Skakligaen"]
[Site "Denmark"]
[Date "2010.01.10"]
[Round "5.4"]
[White "Borbjerggaard, Lars"]
[Black "Baekgaard, Martin"]
[Result "1-0"]
[WhiteElo "2335"]
[BlackElo "2287"]
[PlyCount "79"]
[EventDate "2009.11.07"]
[EventType "team-tourn"]
[EventRounds "9"]
[WhiteTeam "Sydostfyn"]
[BlackTeam "Jetsmark"]
[WhiteTeamCountry "DEN"]
[BlackTeamCountry "DEN"]

1. d4 d5 2. c4 c6 3. cxd5 cxd5 4. Nf3 Nf6 5. Nc3 Nc6 6. Bf4 a6 7. Rc1 e6 8. e3
Bd6 9. Bxd6 Qxd6 10. Be2 O-O 11. O-O b5 12. a4 b4 13. Nb1 Bd7 14. Nbd2 Na5 15.
Ne5 Rfc8 16. Rxc8+ Rxc8 17. Bd3 Rc7 18. g4 Be8 19. Qb1 g6 20. Rc1 Nc6 21. Ndf3
Ne4 22. Nxc6 Rxc6 23. Ne5 Rxc1+ 24. Qxc1 Bxa4 25. Qc8+ Qf8 26. Qxf8+ Kxf8 27.
Bxa6 Bd1 28. h3 Nd2 29. f4 f6 30. Nc6 b3 31. Na5 Ne4 32. Bd3 Nd6 33. Kf2 Ke7
34. Ke1 Bc2 35. Kd2 Bxd3 36. Kxd3 Ne4 37. Nxb3 Nf2+ 38. Ke2 Nxh3 39. Kf3 Ng1+
40. Kf2 1-0

[Event "XtraCon-Skakligaen"]
[Site "Denmark"]
[Date "2010.01.10"]
[Round "5.6"]
[White "Nohr, Finn"]
[Black "Wiwe, Andreas"]
[Result "0-1"]
[WhiteElo "2079"]
[BlackElo "2239"]
[PlyCount "70"]
[EventDate "2009.11.07"]
[EventType "team-tourn"]
[EventRounds "9"]
[WhiteTeam "Sydostfyn"]
[BlackTeam "Jetsmark"]
[WhiteTeamCountry "DEN"]
[BlackTeamCountry "DEN"]

1. e4 c5 2. Nf3 d6 3. d4 cxd4 4. Nxd4 Nf6 5. Nc3 a6 6. Bg5 e6 7. f4 Be7 8. Qf3
Qc7 9. O-O-O b5 10. g4 Nbd7 11. Bxf6 Nxf6 12. g5 Nd7 13. Bh3 Nc5 14. Rhe1 b4
15. Nd5 exd5 16. exd5 O-O 17. Re3 Bd8 18. Rde1 Bxh3 19. Qxh3 f5 20. Nc6 Ne4 21.
Nd4 g6 22. Ne6 Qf7 23. Qf1 Re8 24. Qc4 Bb6 25. R3e2 Bc5 26. h4 a5 27. h5 gxh5
28. Rxe4 fxe4 29. Qxe4 Rf8 30. Qf3 Rac8 31. Re2 Rce8 32. b3 Qg6 33. Nxf8 Rxf8
34. Re4 Qf5 35. Kd2 Qxd5+ 0-1

[Event "XtraCon-Skakligaen"]
[Site "Denmark"]
[Date "2010.01.10"]
[Round "5.7"]
[White "Jensen, Bjarke"]
[Black "Nielsen, Niels Peter"]
[Result "1/2-1/2"]
[WhiteElo "2253"]
[BlackElo "2184"]
[PlyCount "61"]
[EventDate "2009.11.07"]
[EventType "team-tourn"]
[EventRounds "9"]
[WhiteTeam "Jetsmark"]
[BlackTeam "Sydostfyn"]
[WhiteTeamCountry "DEN"]
[BlackTeamCountry "DEN"]

1. e4 e5 2. Nf3 Nc6 3. d4 exd4 4. Nxd4 d6 5. Nc3 Be7 6. Nd5 Nf6 7. Nb5 Nxd5 8.
exd5 Ne5 9. f4 Nd7 10. Be3 Nf6 11. c4 c6 12. Nc3 O-O 13. Be2 cxd5 14. cxd5 Qa5
15. O-O Bd8 16. Kh1 Re8 17. Bd4 Bd7 18. Bf3 b5 19. a3 b4 20. axb4 Qxb4 21. Bxa7
Qxb2 22. Qd3 Bf5 23. Qxf5 Qxc3 24. Rac1 Qb4 25. Bg1 g6 26. Qb1 Qxb1 27. Rxb1
Ba5 28. Rb5 Bd2 29. Bd4 Ne4 30. g3 Bc3 31. Bg1 1/2-1/2

[Event "XtraCon-Skakligaen"]
[Site "Denmark"]
[Date "2010.01.10"]
[Round "5.8"]
[White "Andersen, Arne"]
[Black "Rathlev, Jakob"]
[Result "1/2-1/2"]
[WhiteElo "2075"]
[BlackElo "2237"]
[PlyCount "35"]
[EventDate "2009.11.07"]
[EventType "team-tourn"]
[EventRounds "9"]
[WhiteTeam "Sydostfyn"]
[BlackTeam "Jetsmark"]
[WhiteTeamCountry "DEN"]
[BlackTeamCountry "DEN"]

1. d4 e6 2. Nf3 f5 3. d5 Be7 4. dxe6 dxe6 5. Qxd8+ Bxd8 6. Bf4 Nf6 7. e3 Nc6 8.
Na3 a6 9. Nc4 O-O 10. a3 Re8 11. h3 Nd7 12. O-O-O b5 13. Nce5 Ncxe5 14. Nxe5
Nxe5 15. Bxe5 Ra7 16. g4 Kf7 17. Bd4 c5 18. Bxc5 1/2-1/2

[Event "XtraCon-Skakligaen"]
[Site "Denmark"]
[Date "2010.01.10"]
[Round "5.3"]
[White "Bekker Jensen, Simon"]
[Black "Jorgensen, Jorgen"]
[Result "1/2-1/2"]
[WhiteElo "2407"]
[BlackElo "2315"]
[PlyCount "81"]
[EventDate "2009.11.07"]
[EventType "team-tourn"]
[EventRounds "9"]
[WhiteTeam "Bronshoj"]
[BlackTeam "Norresundby"]
[WhiteTeamCountry "DEN"]
[BlackTeamCountry "DEN"]

1. d4 f5 2. g3 d6 3. Bg2 g6 4. c4 Nf6 5. Nc3 Bg7 6. Nf3 O-O 7. O-O Qe8 8. d5 a5
9. Rb1 Na6 10. b3 Bd7 11. Bb2 Nc5 12. Nd4 h6 13. a3 c6 14. b4 Nce4 15. Qd3 cxd5
16. Nxd5 Nxd5 17. cxd5 axb4 18. axb4 Qf7 19. f3 Nf6 20. e4 f4 21. Ne2 fxg3 22.
hxg3 g5 23. Bd4 Ra2 24. Ra1 Rfa8 25. Rxa2 Rxa2 26. Qc4 Ra8 27. Bf2 Rc8 28. Qd3
Nh5 29. Rc1 Rxc1+ 30. Nxc1 Be5 31. Ne2 Qe8 32. Qe3 Qa8 33. f4 gxf4 34. gxf4 Bg7
35. Bf3 Nf6 36. Nd4 Ng4 37. Bxg4 Bxg4 38. e5 dxe5 39. fxe5 Qa1+ 40. Kg2 Qb1 41.
b5 1/2-1/2

[Event "XtraCon-Skakligaen"]
[Site "Denmark"]
[Date "2010.01.10"]
[Round "5.5"]
[White "Bekker Jensen, David"]
[Black "Kolbak, Jens"]
[Result "1-0"]
[WhiteElo "2343"]
[BlackElo "2344"]
[PlyCount "93"]
[EventDate "2009.11.07"]
[EventType "team-tourn"]
[EventRounds "9"]
[WhiteTeam "Bronshoj"]
[BlackTeam "Norresundby"]
[WhiteTeamCountry "DEN"]
[BlackTeamCountry "DEN"]

1. d4 d5 2. c4 e6 3. Nc3 Nf6 4. cxd5 exd5 5. Bg5 Be7 6. e3 O-O 7. Bd3 c6 8. Qc2
Nbd7 9. Nf3 Re8 10. O-O Nf8 11. h3 Nh5 12. Bxe7 Qxe7 13. Rab1 Nf6 14. b4 Ne4
15. b5 Nxc3 16. Qxc3 cxb5 17. Rxb5 Be6 18. Qb4 b6 19. Qxe7 Rxe7 20. Rc1 f6 21.
g4 Rd8 22. Bf1 g5 23. Kg2 Rd6 24. Rb3 Kf7 25. Kg3 a5 26. Rcb1 Rb7 27. Rb5 a4
28. Ne1 Nd7 29. R5b4 Ra7 30. a3 Rc6 31. Bb5 Rc3 32. Rxa4 Rxa4 33. Bxa4 Rxa3 34.
Bxd7 Bxd7 35. Rxb6 Ke7 36. Nc2 Ra8 37. Nb4 Be6 38. Rb7+ Kd6 39. Rxh7 Ra3 40.
Nc2 Rc3 41. Ne1 Bd7 42. Nf3 Rc8 43. Rg7 Rc1 44. h4 gxh4+ 45. Nxh4 Rh1 46. Rg6
Kc7 47. Nf5 1-0

[Event "XtraCon-Skakligaen"]
[Site "Denmark"]
[Date "2010.01.10"]
[Round "5.6"]
[White "Pedersen, Svend"]
[Black "Brinck Claussen, Bjorn"]
[Result "0-1"]
[WhiteElo "2253"]
[BlackElo "2300"]
[PlyCount "84"]
[EventDate "2009.11.07"]
[EventType "team-tourn"]
[EventRounds "9"]
[WhiteTeam "Norresundby"]
[BlackTeam "Bronshoj"]
[WhiteTeamCountry "DEN"]
[BlackTeamCountry "DEN"]

1. e4 e6 2. d3 d5 3. Nd2 Nf6 4. e5 Nfd7 5. f4 Be7 6. Ngf3 O-O 7. g3 b5 8. Bg2
c5 9. O-O Nc6 10. Re1 Nb6 11. g4 a5 12. Nf1 a4 13. a3 b4 14. Ng3 bxa3 15. bxa3
d4 16. Qe2 Ba6 17. Ng5 Nd5 18. Qe4 Bxg5 19. fxg5 Rc8 20. Nh5 Qa5 21. Nf6+ gxf6
22. gxf6 Kh8 23. Bh6 Rg8 24. Bg7+ Rxg7 25. fxg7+ Kxg7 26. Rf1 Qd2 27. Rf3 Qg5
28. Raf1 Rc7 29. Rh3 h6 30. Rh5 Qe3+ 31. Kh1 Qxe4 32. Bxe4 Ne3 33. Rf2 Rb7 34.
h3 Rb1+ 35. Kh2 Nd8 36. g5 hxg5 37. Rxg5+ Kf8 38. h4 Bb7 39. h5 Nf5 40. Rfxf5
exf5 41. h6 Rb6 42. Rh5 Rxh6 0-1

[Event "XtraCon-Skakligaen"]
[Site "Denmark"]
[Date "2010.01.10"]
[Round "5.7"]
[White "Palm, Nikolaj"]
[Black "Christiansen, Jens Jorgen"]
[Result "1-0"]
[WhiteElo "2276"]
[BlackElo "2197"]
[PlyCount "67"]
[EventDate "2009.11.07"]
[EventType "team-tourn"]
[EventRounds "9"]
[WhiteTeam "Bronshoj"]
[BlackTeam "Norresundby"]
[WhiteTeamCountry "DEN"]
[BlackTeamCountry "DEN"]

1. d4 d5 2. c4 c6 3. cxd5 cxd5 4. Nc3 Nf6 5. Nf3 Nc6 6. Bf4 Bf5 7. e3 e6 8. Be2
Be7 9. O-O O-O 10. Nh4 Bg6 11. Nxg6 hxg6 12. h3 Rc8 13. Rc1 a6 14. Na4 Nd7 15.
a3 b5 16. Nc5 Nxc5 17. dxc5 Qa5 18. Qd3 e5 19. b4 Qc7 20. Bg3 Rcd8 21. Qb3 f5
22. Rcd1 Qd7 23. Rd2 Kh7 24. Rfd1 d4 25. f4 Qc7 26. fxe5 Bg5 27. Bf4 dxe3 28.
Rxd8 Bxd8 29. Qxe3 g5 30. Bh2 Be7 31. e6 f4 32. Qe4+ g6 33. Rd7 Qc8 34. Bf3 1-0

[Event "XtraCon-Skakligaen"]
[Site "Denmark"]
[Date "2010.01.10"]
[Round "5.8"]
[White "Nielsen, John Bauneborg"]
[Black "Pedersen, Peter Brondt"]
[Result "1-0"]
[WhiteElo "2171"]
[BlackElo "2134"]
[PlyCount "53"]
[EventDate "2009.11.07"]
[EventType "team-tourn"]
[EventRounds "9"]
[WhiteTeam "Norresundby"]
[BlackTeam "Bronshoj"]
[WhiteTeamCountry "DEN"]
[BlackTeamCountry "DEN"]

1. d4 g6 2. c4 Bg7 3. Nc3 c5 4. d5 Bxc3+ 5. bxc3 f5 6. Nf3 Qa5 7. Qb3 Nf6 8.
Bh6 Rg8 9. e3 Ne4 10. Rc1 Qa6 11. h4 d6 12. Ng5 Nxg5 13. Bxg5 h5 14. Be2 Nd7
15. O-O Nb6 16. Bd3 Nxd5 17. e4 Nb6 18. Rfe1 e5 19. f4 fxe4 20. Bxe4 Be6 21.
fxe5 Qxc4 22. Bxb7 Qxb3 23. axb3 d5 24. Bxa8 Nxa8 25. Ra1 Rg7 26. Ra5 Rc7 27.
Rea1 1-0

[Event "XtraCon-Skakligaen"]
[Site "Denmark"]
[Date "2010.01.10"]
[Round "5.1"]
[White "Pedersen, Daniel V"]
[Black "Hector, Jonny"]
[Result "0-1"]
[WhiteElo "2303"]
[BlackElo "2572"]
[PlyCount "102"]
[EventDate "2009.11.07"]
[EventType "team-tourn"]
[EventRounds "9"]
[WhiteTeam "Aalborg"]
[BlackTeam "Nordkalotten"]
[WhiteTeamCountry "DEN"]
[BlackTeamCountry "DEN"]

1. e4 e5 2. Nf3 Nc6 3. Nc3 Nf6 4. g3 d6 5. Bg2 g6 6. d4 Bg4 7. d5 Nd4 8. h3
Nxf3+ 9. Bxf3 Bd7 10. Be3 Bg7 11. Qd2 h6 12. O-O-O b5 13. Kb1 Qc8 14. Bg2 b4
15. Ne2 Bb5 16. g4 a5 17. f4 Bxe2 18. Qxe2 exf4 19. Bxf4 Nd7 20. Qd2 Qd8 21.
Be3 Qf6 22. Qc1 Qe7 23. Rhe1 Bf6 24. Bf3 Bg5 25. Be2 Ne5 26. Bb5+ Kf8 27. Bxg5
Qxg5 28. Qxg5 hxg5 29. Re3 Ke7 30. a4 Rh4 31. Ka2 Rah8 32. Bf1 Nd7 33. c3 bxc3
34. Rxc3 Nc5 35. e5 f5 36. exf6+ Kxf6 37. Re1 R4h7 38. Rf3+ Kg7 39. Re7+ Kh6
40. Rff7 Rxf7 41. Rxf7 Nxa4 42. Rxc7 Rf8 43. Bb5 Nxb2 44. Bd7 Nd3 45. Be6 Nc5
46. Ra7 a4 47. Kb2 Re8 48. Bf7 Rb8+ 49. Kc3 Kg7 50. Be8+ Kf6 51. Bxa4 Rh8 0-1

[Event "XtraCon-Skakligaen"]
[Site "Denmark"]
[Date "2010.01.10"]
[Round "5.4"]
[White "Hove, Esben Kjems"]
[Black "Nielsen, Finn Winther"]
[Result "1-0"]
[WhiteElo "2269"]
[BlackElo "2028"]
[PlyCount "97"]
[EventDate "2009.11.07"]
[EventType "team-tourn"]
[EventRounds "9"]
[WhiteTeam "Nordkalotten"]
[BlackTeam "Aalborg"]
[WhiteTeamCountry "DEN"]
[BlackTeamCountry "DEN"]

1. d4 d5 2. c4 e6 3. Nc3 f5 4. e3 Nf6 5. Bd3 c6 6. Nge2 Bd6 7. Ng3 O-O 8. cxd5
Bxg3 9. hxg3 exd5 10. f3 Qd6 11. Ne2 Ne4 12. Rh3 Be6 13. Nf4 Nf6 14. Qc2 g6 15.
Bd2 Nbd7 16. Rc1 Rfe8 17. Rh1 Bf7 18. Kf2 Nf8 19. b4 a6 20. a4 Ne6 21. b5 axb5
22. axb5 Rac8 23. Qb2 Kg7 24. bxc6 bxc6 25. Bb4 Nxf4 26. gxf4 Qe6 27. Rhe1 Rb8
28. Qc3 Rb7 29. Ba5 Rc8 30. Ba6 Rbc7 31. Bxc7 Rxc7 32. Qa5 Re7 33. Qd8 Be8 34.
Bc8 Qf7 35. Rb1 Nh5 36. Qd6 Nf6 37. Rb2 Ng8 38. Reb1 Qf6 39. Qxf6+ Kxf6 40. Rb7
Rxb7 41. Rxb7 Ne7 42. Bd7 Bxd7 43. Rxd7 Ke6 44. Rd8 h5 45. Kg3 Kf6 46. Rd6+ Kf7
47. Kh4 Kg7 48. Kg5 Kf7 49. Rd7 1-0

[Event "XtraCon-Skakligaen"]
[Site "Denmark"]
[Date "2010.01.10"]
[Round "5.5"]
[White "Andersen, Soren"]
[Black "Kristensen, Kaare Hove"]
[Result "0-1"]
[WhiteElo "2082"]
[BlackElo "2258"]
[PlyCount "50"]
[EventDate "2009.11.07"]
[EventType "team-tourn"]
[EventRounds "9"]
[WhiteTeam "Aalborg"]
[BlackTeam "Nordkalotten"]
[WhiteTeamCountry "DEN"]
[BlackTeamCountry "DEN"]

1. d4 d5 2. c4 e6 3. Nc3 c6 4. Nf3 Nf6 5. Bg5 dxc4 6. e4 b5 7. e5 h6 8. Bh4 g5
9. Nxg5 hxg5 10. Bxg5 Nbd7 11. exf6 Bb7 12. g3 c5 13. d5 Nxf6 14. Bg2 Be7 15.
O-O Nxd5 16. Bxe7 Kxe7 17. Nxb5 Qb6 18. Na3 Rh4 19. Qc1 Nf4 20. gxf4 Bxg2 21.
Kxg2 Qb7+ 22. f3 Rg8+ 23. Kh1 Rxh2+ 24. Kxh2 Qd5 25. f5 Qe5+ 0-1

[Event "XtraCon-Skakligaen"]
[Site "Denmark"]
[Date "2010.01.10"]
[Round "5.6"]
[White "Nielsen, Lars Aaes"]
[Black "Hansen, John Nyholm"]
[Result "1-0"]
[WhiteElo "2248"]
[BlackElo "2089"]
[PlyCount "71"]
[EventDate "2009.11.07"]
[EventType "team-tourn"]
[EventRounds "9"]
[WhiteTeam "Nordkalotten"]
[BlackTeam "Aalborg"]
[WhiteTeamCountry "DEN"]
[BlackTeamCountry "DEN"]

1. e4 e5 2. Nf3 Nc6 3. Bb5 a6 4. Bxc6 dxc6 5. O-O f6 6. d4 exd4 7. Nxd4 c5 8.
Ne2 Qxd1 9. Rxd1 Bd6 10. Bf4 Bxf4 11. Nxf4 Ne7 12. Nc3 Bd7 13. Ncd5 Nxd5 14.
Rxd5 b6 15. Rad1 Bc6 16. R5d2 Kf7 17. f3 Rhe8 18. Nd5 Ra7 19. h4 b5 20. Kf2 a5
21. Ne3 a4 22. c4 b4 23. g4 h6 24. h5 Raa8 25. Nf5 a3 26. b3 Rac8 27. Rd7+ Bxd7
28. Rxd7+ Ke6 29. Rxg7 Rcd8 30. Rxc7 Rd2+ 31. Ke3 Rxa2 32. Ng7+ Kd6 33. Nxe8+
Ke6 34. f4 Rb2 35. f5+ Ke5 36. Re7# 1-0